Movies Quiz

Random Movies or Actor Quiz
Score 0/36 Timer 10:00
0 Plays Today
% Correct
Ocean's Eleven
92.7%
Top Gun
89.3%
The Paper
88%
The Founder
86.9%
Beetlejuice
86.1%
The Other Guys
75.2%
The Perfect Storm
74.1%
Spotlight
71.6%
O Brother, Where Art Thou?
70.7%
Three Kings
65%
Up in the Air
63.2%
From Dusk Till Dawn
59.6%
Tombstone
59.1%
The Descendants
53%
Jackie Brown
46.8%
Michael Clayton
46.5%
The Doors
46.4%
Kiss Kiss Bang Bang
44%
% Correct
Tomorrowland: A World Beyond
43.4%
Gravity
42.8%
Out of Sight
40%
Birdman or (The Unexpected Virtue of Ignorance)
35.8%
Mr. Mom
35%
The American
35%
Heat
34.6%
Multiplicity
34.1%
True Romance
30%
The Ghost And The Darkness
30%
Willow
26.8%
The Saint
26.4%
Pacific Heights
25%
Deja Vu
23.2%
Much Ado About Nothing
21.6%
RoboCop
18.7%
Top Secret!
18.5%
Real Genius
9.2%
Remove Ads.
Support Sporcle.
Get the best of Sporcle when you Go Orange. This ad-free experience offers more features, more stats, and more fun while also helping to support Sporcle. Thank you for becoming a member.

You're not logged in!

Compare scores with friends on all Sporcle quizzes.
OR
Log In

Show Comments

Extras

Top Quizzes Today


Score Distribution

Your Account Isn't Verified!

In order to create a playlist on Sporcle, you need to verify the email address you used during registration. Go to your Sporcle Settings to finish the process.

Report this User

Report this user for behavior that violates our Community Guidelines.

Details: